Játék a tanulás a Corvin Mátyás Iskolában, Gútán

Bibliographic Details
Main Author: Kocsis, Aranka, 1953- (Author)
Format: Article
Language:Hungarian
PhysicalDescription:Fotogr.
Subjects:

MARC

LEADER 00000nab a2200000 ar4500
001 vtls009003530
003 SK-MaSNL
005 20260319071257.0
008 070504c2006 xo |||||||| 000 b|hun
015 |a SNBRB2007/05  |2 snkbucl 
038 |a SNKBUCL 
040 |a DSZK  |b slo  |c DSZK  |e AACR2 
041 0 |a hun 
044 |a xo  |c SK 
080 |a 373.3  |x (=511.141)  |x (437.6)  |2 1997 
100 1 |a Kocsis, Aranka,  |d 1953-  |4 aut  |9 741610 
245 1 0 |a Játék a tanulás a Corvin Mátyás Iskolában, Gútán  |c Kocsis Aranka 
300 |b Fotogr. 
545 1 |a Do r. 2006 Základná škola s vyučovacím jazykom maďarským, Školská ul. 
610 2 7 |a Základná škola s vyučovacím jazykom maďarským Mateja Korvína (Kolárovo, Slovensko)  |2 snkbucl  |9 1065826 
651 7 |a Kolárovo (Slovensko)  |2 snkbucl  |9 19149 
773 0 |t Tücsök  |g Évf. 17, sz. 2 (2006), o. 12-13 
852 |a SNK  |b KIS3GCP 
852 |a DSZK  |b KIS3GCP 
958 |a HU 
958 |a SK 
999 |c 1751753  |d 1753683